000 00363nam a2200133Ia 4500
005 20260326100045.0
008 260326s9999||||xx |||||||||||||| ||und||
100 _aMesa F., José A.
245 0 _aLa Arquitectura Contemporánea en Bolivia /
_cJosé A. Mesa F.
260 _bInstituto Boliviano
300 _a306 p.
650 _aARQUITECTURA REGIONAL
942 _cBK
999 _c7139
_d7139